Datum a čas kvízu
12.5
Celkem bodů
Celkový počet nahraných bodů na tomto kvízu bez doplňovacích otázek.
16.
Pořadí na kvízu
Konečné umístění týmu na tomto kvízu.
Zaznamenané odpovědi
| # | Otázka | Odpověď | Body | Výsledky |
|---|---|---|---|---|
| 1. | Který český politik a lékař če... | Bohuslav Svoboda | 0 | |
| 2. | O víkendu se v Rusku konaly pr... | Poledne proti Putinovi | 0 | |
| 3. | Organizace UNESCO přidala na s... | v Berlíně | 0 | |
| 4. | Automobilka Škoda představila... | Epiq | 1 | |
| 5. | Minulý týden se stala jedna ne... | Jaromír Jágr | 1 | |
| 6. | Téma začneme v Evropě. Seřaďte... | 1B 2C 3D 4A | 0 | |
| 7. | V souvislosti s Che Guevarou s... | v Argentině | 0 | |
| 8. | Jak se jmenuje tento živočich... | fosa | 0 | |
| 9. | Jak se jmenuje nejlidnatější s... | Indonésie, Jakarta | 0 | |
| 10. | Jak se jmenuje ostrovní stát,... | Vanuatu | 0 |